| 000 | 00458nam a2200145 4500 | ||
|---|---|---|---|
| 001 | 108991 | ||
| 003 | ES-MaACL | ||
| 007 | t| | ||
| 008 | 061121s1971 sp r ||||1| spa d | ||
| 100 | 1 |
_aMirepoix, Lévis. _981579 |
|
| 245 | 1 | 0 |
_aMontséguer _b: L'agonie des Cathares, 1225-1245 / _cLévis Mirepoix. |
| 260 |
_aParís; Rombaldi; Sevilla : _b[s. n.], _c1971 ( _fImp. Sevillana) |
||
| 300 |
_a371 p. : _bil. ; _c22 cm. |
||
| 852 |
_aES-MaACL _jE-4981 _bR.88878 |
||
| 999 |
_c108991 _d108991 |
||